Most forested countries in the world - Statistics

General Stats
  • This quiz has been taken 28 times
  • The average score is 9 of 19
Answer Stats
Forested area (%) Country % Correct
67,3 Democratic Republic of the Congo
81%
65,4 Republic of the Congo
77%
73,1 Finland
69%
68,9 Sweden
69%
84,0 Guyana
62%
89,3 Gabon
58%
81,3 Laos
58%
98,3 Suriname
58%
67,6 Malaysia
54%
72,3 Bhutan
50%
72,1 Brunei
50%
65,4 Zambia
50%
68,5 Japan
46%
74,1 Papua New Guinea
46%
78,1 Solomon Islands
35%
70,1 Guinea-Bissau
27%
87,6 Palau
27%
88,4 Seychelles
19%
69,2 Saint Vincent and the Grenadines
8%
No matching quizzes found
Score Distribution
Percent of People with Each Score
Percentile by Number Answered
Your Score History
You have not taken this quiz